00309nam a2200133Ia 45000030006000000080041000060400015000471000019000622450046000812500010001272600009001375460012001460050017001580STCL150530s9999 xx 000 0 und d aSTCLcSTCL aNagaratnam, S. aAdvanced accountancy problem and solution aFirst c1976 aEnglish20220125170545.0